| 000 | 00963nam a2200217Ia 4500 | ||
|---|---|---|---|
| 001 | 248.3-BIF in it (6262) | ||
| 003 | IT-MiSPE | ||
| 008 | 171229s9999||||xx |||||||||||||| ||und|| | ||
| 040 |
_aIT-MiSPE _cIT-MiSPE |
||
| 041 | _aITALIANO | ||
| 100 | _aInos Biffi | ||
| 245 | 0 |
_aItinerario di fede _bLodare Dio con la vita |
|
| 250 | _a1a ed. (v) | ||
| 260 |
_aMilano _bEd. Paoline _c1989 |
||
| 300 |
_a124 p. _c20 cm |
||
| 490 |
_aMeditazioni per la vita _v7 |
||
| 501 | _aEdizioni San Paolo srl - Piazza Soncino, 5 - 20092 CINISELLO BALSAMO (MI) (non commercial uses only) ® Copyright 2018 | ||
| 942 | _cBK | ||
| 957 | _71 | ||
| 999 |
_a11758 _bNO _g Copie: 1 _c342765 _d342765 |
||